| 000 | 00490nam a2200157 i 4500 | ||
|---|---|---|---|
| 001 | 35245 | ||
| 003 | ES-MaACL | ||
| 005 | 20230906155102.0 | ||
| 007 | t| | ||
| 008 | 030212s1932 it ||||1| ita d | ||
| 100 | 1 |
_aBottiglioni, Gino. _930804 |
|
| 245 | 1 | 0 |
_aAtlante linguistico etnografico italiano della Corsica promosso dalla R. Universitá di Cágliari / _cGino Bottiglioni. |
| 260 |
_aPisa : _bL'Italia Dialettale, _c1932. |
||
| 300 |
_a5 h. ; _c20 cm. |
||
| 852 |
_aES-MaACL _j1764-F-7 |
||
| 999 |
_c35245 _d35245 |
||